000 00718nam a2200265Ia 4500
008 181129s9999 xx 000 0 und d
020 _a9780135239933
050 _bS877 1967
100 _aStone, A. Harris
245 4 _aThe last free bird /
245 0 _cby A. Harris Stone ; illustrated by Sheila Heins.
260 _aEnglewood Cliffs, New Jersey :
260 _bPrentice-Hall, Inc.,
260 _c1967
300 _aunpaged :
300 _bcolor illustrations ;
300 _c20cm.
650 _aNatural resources --
650 _aRare animals.
650 _aRare birds --
650 _xJuvenile literature.
650 _xJuvenile literature.
700 _aHeins, Sheila.
700 _aTitle.
999 _c359516
_d359516